| 000 | 01111cam a2200313 a 4500 | ||
|---|---|---|---|
| 001 | 1678094 | ||
| 003 | OSt | ||
| 005 | 20140310184243.0 | ||
| 008 | 980603s1997 nyua 000 0 eng | ||
| 010 | _a 98156914 | ||
| 020 | _a0345391802 | ||
| 040 |
_aDLC _cDLC _dDLC |
||
| 050 | 0 | 0 |
_aPN 6737.C37 _b.Ad211 2005 |
| 100 | 1 |
_aAdams, Douglas, _d1952-2001. _925831 |
|
| 245 | 1 | 4 |
_aThe hitchhiker's guide to the galaxy / _cDouglas Adams ; adapted by John Carnell ; illustrated by Steve Leialoha ; inked by Stephen Baskerville ... [et al.] ; colored by Lovern Kindzierski. |
| 260 |
_aNew York : _bDC Comics, _cc2005. |
||
| 300 |
_a133 p. : _bcol. ill. ; _c26 cm. |
||
| 521 | _aG9 | ||
| 526 | _c1000 | ||
| 650 | 0 |
_aScience fiction comic books, strips, etc. _925832 |
|
| 700 | 1 |
_aCarnell, John. _925833 |
|
| 700 | 1 |
_aLeialoha, Steve. _925834 |
|
| 906 |
_a7 _bcbc _corignew _d2 _encip _f19 _gy-gencatlg |
||
| 942 |
_2lcc _cBK-SCHOLAS |
||
| 999 |
_c33291 _d33291 |
||